Ils ont été anoblis par Elisabeth II (1) - Statistiques

Statistiques générales
  • Ce quiz a été pris 13 fois
  • Le résultat moyen est 16 sur 48
Statistiques - réponses
Hint Réponse % Correct
Acteur/Actrice 1922-2015 L Christopher {Lee}
92%
Acteur/Actrice 1960 B Kenneth {Branagh}
92%
Acteur/Actrice 1960 S T Kristin {Scott Thomas}
92%
Acteur/Actrice 1907-1989 O Laurence {Olivier}
92%
Acteur/Actrice 1914-2000 G Alec {Guinness}
83%
Acteur/Actrice 1937 H Anthony {Hopkins}
83%
Acteur/Actrice 1959 T Emma {Thompson}
75%
Acteur/Actrice 1945 M Helen {Mirren}
75%
Acteur/Actrice 1916/2020 H Olivia de {Havilland}
75%
Acteur/Actrice 1921-2004 U Peter {Ustinov}
75%
Acteur/Actrice 1934 D Judi {Dench}
67%
Acteur/Actrice 1943 K Ben {Kingsley}
58%
Acteur/Actrice 1935 A Julie {Andrews}
58%
Acteur/Actrice 1934 S Maggie {Smith}
58%
Acteur/Actrice 1939 M Ian {McKellen}
50%
Acteur/Actrice 1957 D Daniel {Day-Lewis}
42%
Acteur/Actrice 1921-1999 B Dirk {Bogarde}
42%
Acteur/Actrice 1933 C Joan {Collins}
42%
Acteur/Actrice 1908-1982 J Celia {Johnson}
25%
Acteur/Actrice 1950 W Harriet {Walter}
25%
Acteur/Actrice 1908-1985 R Michael {Redgrave}
25%
Acteur/Actrice 1946 S David {Suchet}
17%
Acteur/Actrice 1934 A Eileen {Atkins}
17%
Acteur/Actrice 1904-2000 G John {Gielgud}
17%
Acteur/Actrice 1897-1992 A Judith {Anderson}
17%
Acteur/Actrice 1950 W Julie {Walters}
17%
Acteur/Actrice 1949 T Lesley Hornby dite {Twiggy}
17%
Acteur/Actrice 1917-2020 L Vera {Lynn}
17%
Acteur/Actrice 1904-1986 N Anna {Neagle}
8%
Acteur/Actrice 1907-1991 M Bernard {Miles}
8%
Acteur/Actrice 1927 L Cleo {Laine}
8%
Acteur/Actrice 1940 J David {Jason}
8%
Acteur/Actrice 1888-1976 E Edith {Evans}
8%
Acteur/Actrice 1889-1979 A Felix {Aylmer}
8%
Acteur/Actrice 1902-1984 R Flora {Robson}
8%
Acteur/Actrice 1888-1971 C Gladys {Cooper}
8%
Acteur/Actrice 1949 L Ian {Livingstone}
8%
Acteur/Actrice 1939 S Janet {Suzman}
8%
Acteur/Actrice 1929 P Joan {Plowright}
8%
Acteur/Actrice 1892-1972 R Margaret {Rutherford}
8%
Acteur/Actrice 1907-1991 A Peggy {Ashcroft}
8%
Acteur/Actrice 1946 W Penelope {Wilton}
8%
Acteur/Actrice 1933 P Siân {Phillips}
8%
Acteur/Actrice 1882-1976 T Sybil {Thorndike}
8%
Acteur/Actrice 1911-2003 H Thora {Hird}
8%
Acteur/Actrice 1946 R Tony {Robinson}
8%
Acteur/Actrice 1935 L Vassili {Livanov}
8%
Acteur/Actrice 1912-2003 H Wendy {Hiller}
8%
Aucun quiz correspondant
Distribution des résultats
% des personnes avec chaque résultat
Percentile par nombre de réponses
Votre historique - résultats
Vous n’avez pas pris ce quiz